000 00964nam a2200241 i 4500
001 55950
003 ES-MaACL
007 t|
008 030930s1910 sp ||||1| spa d
100 1 _aDíaz Fernández, Valero.
_944278
245 1 0 _aContestaciones al programa de la judicatura /
_cpor Valero Díaz Fernández.
260 _a[Madrid] :
_bPreciados 32,
_c[1910]
300 _a7 v. ;
_c22 cm.
505 8 _aContiene: V I: Derecho mercantil. -- V. II: Derecho civil. -- V. III: Derecho político. -- V. IV: Derecho administrativo. -- V. V: Derecho internacional. -- V. VI: Organización de Tribunales y Leyes de Procedimieno. -- V: VII: Derecho penal
740 0 _aDerecho mercantil.
740 0 _aDerecho civil.
740 0 _aDerecho político.
740 0 _aDerecho administrativo.
740 0 _aDerecho internacional.
740 0 _aOrganización de Tribunales y Leyes de Procedimiento.
740 0 _aDerecho penal.
852 _aES-MaACL
_jB-585-591
999 _c55950
_d55950